| 000 | 00660nam a2200217 i 4500 | ||
|---|---|---|---|
| 001 | 105998 | ||
| 003 | ES-MaACL | ||
| 005 | 20230906184029.0 | ||
| 007 | t| | ||
| 008 | 060919s1968 fr |||| | fre d | ||
| 080 | _a323.333(47) | ||
| 100 | 1 |
_aMett, Ida. _980734 |
|
| 245 | 1 | 3 |
_aLe paysan russe dans la revolution et la post-revolution / _cIda Mett. |
| 260 |
_aParis : _bRené Lefeuvre, _c[1968] |
||
| 300 |
_a79 p. ; _c19 cm. |
||
| 490 | 1 |
_aSpartacus, 2e. Série ; _v24 |
|
| 650 | 1 | 4 |
_aCampesinado- _zRusia. _9161802 |
| 830 | 0 |
_aSpartacus, 2e. Série ; _v24 _9185113 |
|
| 852 |
_aES-MaACL _jAND-746 _z. - Biblioteca Juan Andrade |
||
| 999 |
_c105998 _d105998 |
||